[Event "FICGS rapid C 000069 email"]
[Site "FICGS email"]
[Date "2009.02.19"]
[Round "1"]
[White "Cridland, Graham M"]
[Black "Farr, Johannes"]
[Result "1-0"]
[WhiteElo "1522"]
[BlackElo "1525"]
[PlyCount "49"]
[EventDate "2009.??.??"]
[EventType "tourn (rapid)"]
[EventRounds "4"]
[SourceTitle "Corr 2022"]
[Source "ChessBase"]
[SourceDate "2021.10.24"]
[SourceVersion "1"]
[SourceVersionDate "2021.10.24"]
[SourceQuality "1"]

1. e4 e6 2. d4 d5 3. Nc3 Nf6 4. e5 Nfd7 5. f4 c5 6. Nf3 Nc6 7. Be3 Be7 8. Qd2 0-0 9. Ne2 Qb6 10. c3 cxd4 11. Nexd4 Nxd4 12. Bxd4 Bc5 13. Bd3 f6 14. 0-0-0 Bxd4 15. cxd4 Qc7+ 16. Kb1 fxe5 17. fxe5 b5 18. Rc1 Qb6 19. Qc3 b4 20. Qc7 a5 21. Rc6 Qxc7 22. Rxc7 Nb6 23. Rhc1 Ba6 24. Bxa6 Rxa6 25. R1c6 1-0

[Event "FICGS class E 000101 email"]
[Site "FICGS email"]
[Date "2009.02.09"]
[Round "1"]
[White "Farr, Johannes"]
[Black "Sengupta, Arnab"]
[Result "0-1"]
[WhiteElo "1525"]
[BlackElo "1242"]
[PlyCount "44"]
[EventDate "2009.??.??"]
[EventType "tourn (corr)"]
[EventRounds "5"]
[SourceTitle "Corr 2022"]
[Source "ChessBase"]
[SourceDate "2021.10.24"]
[SourceVersion "1"]
[SourceVersionDate "2021.10.24"]
[SourceQuality "1"]

1. d4 d5 2. c4 c6 3. Nf3 Nf6 4. e3 Bg4 5. Qb3 Qb6 6. Ne5 Bf5 7. Bd3 Bxd3 8. Nxd3 e6 9. Nc3 Nbd7 10. cxd5 exd5 11. Qc2 Bd6 12. 0-0 0-0 13. b3 Rfe8 14. Na4 Qc7 15. Nac5 Bxh2+ 16. Kh1 Nxc5 17. Nxc5 Bd6 18. Ba3 Qc8 19. b4 Qg4 20. f4 Rxe3 21. Bc1 Qh4+ 22. Kg1 Ng4 0-1

[Event "FICGS class E 000101 email"]
[Site "FICGS email"]
[Date "2009.02.09"]
[Round "1"]
[White "Farr, Johannes"]
[Black "Vesely, Tomas"]
[Result "1-0"]
[WhiteElo "1525"]
[BlackElo "1389"]
[PlyCount "41"]
[EventDate "2009.??.??"]
[EventType "tourn (corr)"]
[EventRounds "5"]
[SourceTitle "Corr 2022"]
[Source "ChessBase"]
[SourceDate "2021.10.24"]
[SourceVersion "1"]
[SourceVersionDate "2021.10.24"]
[SourceQuality "1"]

1. d4 d5 2. c4 b6 3. cxd5 Qxd5 4. Nc3 Qh5 5. Nf3 Bb7 6. e4 e6 7. Bd3 Nf6 8. 0-0 Nbd7 9. Be3 h6 10. Nb5 0-0-0 11. a4 e5 12. Nxa7+ Kb8 13. Nb5 c6 14. Nc3 Bb4 15. Qb3 Ba5 16. Bc4 exd4 17. Bxf7 Nc5 18. Qa2 Qg4 19. h3 Qd7 20. Bxd4 Nfxe4 21. Ne5 1-0

[Event "FICGS class D 000114 email"]
[Site "FICGS email"]
[Date "2009.02.07"]
[Round "1"]
[White "Farr, Johannes"]
[Black "Gaffagan, Steven"]
[Result "0-1"]
[WhiteElo "1525"]
[BlackElo "1693"]
[PlyCount "26"]
[EventDate "2009.??.??"]
[EventType "tourn (corr)"]
[EventRounds "6"]
[SourceTitle "Corr 2022"]
[Source "ChessBase"]
[SourceDate "2021.10.24"]
[SourceVersion "1"]
[SourceVersionDate "2021.10.24"]
[SourceQuality "1"]

1. d4 Nf6 2. c4 g6 3. Nc3 Bg7 4. Nf3 0-0 5. Bg5 d6 6. e3 h6 7. Bh4 Nbd7 8. Qc2 c5 9. d5 Qa5 10. Be2 Ne4 11. Rc1 Nxc3 12. bxc3 Re8 13. 0-0 Nb6 0-1

[Event "FICGS rapid C 000067 email"]
[Site "FICGS email"]
[Date "2009.01.29"]
[Round "1"]
[White "Cridland, Graham M"]
[Black "Farr, Johannes"]
[Result "1-0"]
[WhiteElo "1522"]
[BlackElo "1525"]
[PlyCount "21"]
[EventDate "2009.??.??"]
[EventType "tourn (rapid)"]
[EventRounds "4"]
[SourceTitle "Corr 2022"]
[Source "ChessBase"]
[SourceDate "2021.10.24"]
[SourceVersion "1"]
[SourceVersionDate "2021.10.24"]
[SourceQuality "1"]

1. e4 e6 2. d4 d5 3. Nc3 Nf6 4. e5 Nfd7 5. f4 c5 6. Nf3 Nc6 7. Ne2 Be7 8. c3 0-0 9. Be3 cxd4 10. Nexd4 f6 11. Nxe6 1-0

[Event "FICGS rapid C 000067 email"]
[Site "FICGS email"]
[Date "2009.01.29"]
[Round "1"]
[White "Farr, Johannes"]
[Black "Clegg, Stuart"]
[Result "1-0"]
[WhiteElo "1525"]
[BlackElo "1600"]
[PlyCount "47"]
[EventDate "2009.??.??"]
[EventType "tourn (rapid)"]
[EventRounds "4"]
[SourceTitle "Corr 2022"]
[Source "ChessBase"]
[SourceDate "2021.10.24"]
[SourceVersion "1"]
[SourceVersionDate "2021.10.24"]
[SourceQuality "1"]

1. d4 Nf6 2. c4 g6 3. Nc3 Bg7 4. Nf3 0-0 5. Bg5 d6 6. e3 c5 7. d5 Nbd7 8. Qc2 h6 9. Bh4 Qa5 10. Nd2 a6 11. Bd3 b5 12. Nb3 Qb6 13. 0-0 bxc4 14. Bxc4 Ne5 15. Be2 a5 16. a4 Bg4 17. f3 Bh5 18. g4 c4 19. Nd4 Nexg4 20. fxg4 Nxg4 21. Bxg4 Bxg4 22. Qf2 Rfe8 23. Qxf7+ Kh7 24. Bxe7 1-0

[Event "FICGS class C 000103 email"]
[Site "FICGS email"]
[Date "2008.12.23"]
[Round "1"]
[White "Farr, Johannes"]
[Black "Parmet, Daniel Edward"]
[Result "0-1"]
[WhiteElo "1600"]
[BlackElo "1719"]
[PlyCount "40"]
[EventDate "2008.??.??"]
[EventType "tourn (corr)"]
[EventRounds "4"]
[SourceTitle "Corr 2022"]
[Source "ChessBase"]
[SourceDate "2021.10.24"]
[SourceVersion "1"]
[SourceVersionDate "2021.10.24"]
[SourceQuality "1"]

1. d4 d5 2. c4 c6 3. Nf3 e6 4. Bg5 Be7 5. Bxe7 Qxe7 6. e3 Nf6 7. Nc3 0-0 8. Rc1 b6 9. Be2 dxc4 10. Bxc4 Nbd7 11. 0-0 Bb7 12. Nd2 c5 13. dxc5 Nxc5 14. f3 Rfd8 15. e4 a6 16. Qe2 b5 17. Bb3 Nd3 18. Rcd1 Nxb2 19. Rb1 Qc5+ 20. Kh1 Qxc3 0-1

[Event "FICGS class C 000103 email"]
[Site "FICGS email"]
[Date "2008.12.23"]
[Round "1"]
[White "Farr, Johannes"]
[Black "Skoryna, Sergiy"]
[Result "1-0"]
[WhiteElo "1600"]
[BlackElo "1800"]
[PlyCount "51"]
[EventDate "2008.??.??"]
[EventType "tourn (corr)"]
[EventRounds "4"]
[SourceTitle "Corr 2022"]
[Source "ChessBase"]
[SourceDate "2021.10.24"]
[SourceVersion "1"]
[SourceVersionDate "2021.10.24"]
[SourceQuality "1"]

1. d4 d5 2. c4 dxc4 3. Nf3 e6 4. e3 Bd6 5. Bxc4 Bd7 6. 0-0 Ne7 7. Nc3 0-0 8. Qe2 Nbc6 9. e4 e5 10. dxe5 Nxe5 11. Bb3 Bg4 12. h3 Nxf3+ 13. gxf3 Bxh3 14. Rd1 Ng6 15. Rd3 Nf4 16. Bxf4 Qh4 17. Bg3 Bxg3 18. fxg3 Qxg3+ 19. Kh1 Qh4 20. Qh2 Rad8 21. Rxd8 Rxd8 22. Nd5 c6 23. Nf4 Rd2 24. Qxh3 Qxf4 25. Qc8+ Rd8 26. Qxd8# 1-0

[Event "FICGS class D 000111 email"]
[Site "FICGS email"]
[Date "2008.12.16"]
[Round "1"]
[White "Farr, Johannes"]
[Black "Gaffagan, Steven"]
[Result "1-0"]
[WhiteElo "1600"]
[BlackElo "1746"]
[PlyCount "51"]
[EventDate "2008.??.??"]
[EventType "tourn (corr)"]
[EventRounds "6"]
[SourceTitle "Corr 2022"]
[Source "ChessBase"]
[SourceDate "2021.10.24"]
[SourceVersion "1"]
[SourceVersionDate "2021.10.24"]
[SourceQuality "1"]

1. d4 Nf6 2. c4 g6 3. Nc3 Bg7 4. Nf3 0-0 5. Bg5 d6 6. e3 Nbd7 7. Be2 e5 8. 0-0 h6 9. dxe5 dxe5 10. Bxf6 Bxf6 11. Nd5 Bg7 12. Qc2 c6 13. Nc3 Qe7 14. Rad1 Nc5 15. b4 Ne6 16. c5 a5 17. a3 axb4 18. axb4 Nc7 19. Nd2 Be6 20. Nc4 f5 21. Nd6 e4 22. Rd2 Ra3 23. Nb1 Ra2 24. Qd1 Ra1 25. Qc2 Nd5 26. Rfd1 1-0

[Event "FICGS class D 000111 email"]
[Site "FICGS email"]
[Date "2008.12.16"]
[Round "1"]
[White "Toutaoui, Khaled"]
[Black "Farr, Johannes"]
[Result "1-0"]
[WhiteElo "1597"]
[BlackElo "1600"]
[PlyCount "67"]
[EventDate "2008.??.??"]
[EventType "tourn (corr)"]
[EventRounds "6"]
[SourceTitle "Corr 2022"]
[Source "ChessBase"]
[SourceDate "2021.10.24"]
[SourceVersion "1"]
[SourceVersionDate "2021.10.24"]
[SourceQuality "1"]

1. d4 d5 2. c4 e6 3. Nc3 c5 4. e3 Nc6 5. Nf3 Nf6 6. cxd5 exd5 7. dxc5 Bxc5 8. Be2 0-0 9. 0-0 Bf5 10. Qb3 Bb6 11. Rd1 Be6 12. a3 d4 13. Qa4 Rc8 14. Nxd4 Nxd4 15. exd4 Qd7 16. Qxd7 Bxd7 17. Be3 Rfd8 18. h3 Be6 19. Rac1 Bc4 20. Bf3 Bb3 21. Rd2 Rd7 22. Bd1 Be6 23. Ba4 Rd6 24. Rcd1 Bd7 25. Bxd7 Nxd7 26. Na4 Ba5 27. b4 Bd8 28. Nc5 Nxc5 29. dxc5 Rxd2 30. Rxd2 Bf6 31. Rd7 Rb8 32. Bf4 Rd8 33. Rxb7 g5 34. Bd6 1-0

[Event "FICGS rapid C 000064 email"]
[Site "FICGS email"]
[Date "2008.12.13"]
[Round "1"]
[White "Bromo, Alexis"]
[Black "Farr, Johannes"]
[Result "0-1"]
[WhiteElo "1559"]
[BlackElo "1600"]
[PlyCount "52"]
[EventDate "2008.??.??"]
[EventType "tourn (rapid)"]
[EventRounds "4"]
[SourceTitle "Corr 2022"]
[Source "ChessBase"]
[SourceDate "2021.10.24"]
[SourceVersion "1"]
[SourceVersionDate "2021.10.24"]
[SourceQuality "1"]

1. e4 e6 2. d4 d5 3. e5 c5 4. c3 Nc6 5. Nf3 Qb6 6. b3 cxd4 7. cxd4 Nge7 8. g4 Ng6 9. Nc3 Bb4 10. Bd2 Nxd4 11. Nxd4 Qxd4 12. Nb5 Bxd2+ 13. Qxd2 Qxe5+ 14. Be2 Qxa1+ 15. Bd1 Qe5+ 16. Be2 Bd7 17. 0-0 0-0 18. a4 a6 19. Nd4 Rac8 20. f4 Qc7 21. f5 exf5 22. Nxf5 Qc5+ 23. Rf2 Qc1+ 24. Qxc1 Rxc1+ 25. Rf1 Rxf1+ 26. Bxf1 Bxf5 0-1